ARRUPE JESUIT UNIVERSITY

CORONAVIRUS -STOP THE SPREAD - CLEAN,DISINFECT,COVER
Normal view MARC view

Entry Geographic Name

Number of records used in: 1

001 - CONTROL NUMBER

  • control field: 9565

003 - CONTROL NUMBER IDENTIFIER

  • control field: ARRUPE

005 - DATE AND TIME OF LATEST TRANSACTION

  • control field: 20140327162801.0

008 - FIXED-LENGTH DATA ELEMENTS

  • fixed length control field: 140327|| aca||aabn | a|a d

040 ## - CATALOGING SOURCE

  • Original cataloging agency: ARRUPE
  • Transcribing agency: ARRUPE

151 ## - HEADING--GEOGRAPHIC NAME

  • Geographic name: Transvaal (South Africa)
  • General subdivision: History
  • Chronological subdivision: War of 1880-1881.

670 ## - SOURCE DATA FOUND

  • Source citation: Work cat.: (ARRUPE)0: Ransford, Oliver, 1914- 9563, The Battle of Majuba Hill:, [1967]

 

Arrupe Library. PO Box MP320 Mt Pleasant, Harare, Zimbabwe
263 242 745411|librarian@aju.ac.zw